Car Models by Picture #20 - Statistics

General Stats
  • This quiz has been taken 85 times
  • The average score is 7 of 12
Answer Stats
Picture Hint Answer % Correct
Nissan Juke
91%
Audi A3
84%
Ferrari F50
74%
BMW M1
67%
Mercedes-Benz Vito
64%
Citroën C2
61%
Peugeot 107
54%
Jaguar XJ220
46%
Alfa Romeo MiTo
45%
Toyota RAV4
41%
TVR Sagaris
26%
MG TF
12%
No matching quizzes found
Score Distribution
Percent of People with Each Score
Percentile by Number Answered
Your Score History
You have not taken this quiz